Anjelská poviestka

Bibliographic Details
Main Author: Maliński, Mieczysław, 1923-2017 (Author)
Other Authors: Koma, Štefan (Translator)
Format: Book
Language:Slovak
Polish
PhysicalDescription:87 s. fareb. ilustr. 24 cm
Published: [Námestovo] Štúdio F 2007
ISBN:9788089070329
Edition:2. vyd.
Subjects:

MARC

LEADER 00000nam a2200000 a 4500
001 vtls009283061
003 SK-MaSNL
005 20260301081602.0
008 251031s2007 xo a c 000 0 slo
015 |a SNBA2008/04-01836 
020 |a 9788089070329  |q (viaz.) 
035 |a 0D5D02E3-F0AA-41CD-B59B-4E294A69FDB1 
035 |a urn:nbn:sk:snk-aml1dd 
035 |a urn:nbn:sk:snk-am008myr 
040 |a SNK  |b slo  |c SNK  |e AACR2 
041 1 |a slo  |h pol 
044 |a xo  |c SK 
072 7 |a 821.162.1  |x Poľská literatúra  |2 konspekt 
072 7 |a 821-93  |x Literatúra pre deti a mládež  |2 konspekt 
080 |a 821.162.1-32  |2 2001 
080 |a 27-167.2  |2 2001 
080 |a 27-236.5  |2 2001 
080 |a 821-93  |2 2001 
100 1 |a Maliński, Mieczysław,  |d 1923-2017  |4 aut  |9 244239 
240 1 0 |a Opowieści anielske  |l Slovensky 
245 1 0 |a Anjelská poviestka  |c Mieczysłav Maliński ; preložil Štefan Koma 
250 |a 2. vyd. 
260 |a [Námestovo]  |b Štúdio F  |c 2007 
300 |a 87 s.  |b fareb. ilustr.  |c 24 cm 
500 |a Miesto vydania podľa ISBN 
650 0 7 |a anjeli  |2 SNKPH  |9 1910 
650 0 7 |a biblické poviedky  |2 SNKPH  |9 405097 
655 7 |a poľské poviedky  |2 SNKPH  |9 70788 
655 7 |a publikácie pre deti  |2 SNKPH  |9 70148 
700 1 |a Koma, Štefan  |4 trl  |9 370449 
919 |a 978-80-89070-32-9 
958 |a UP 
958 |a DB 
958 |a NT 
958 |a OND 
968 |b POL  |d 821 
999 |c 656276  |d 658206 
952 |a SNK  |b SNK  |y PREZ  |7 0  |p 17A0584378  |o snkSC 131453  |i snk2008/7867  |8 0  |0 0  |1 0  |4 0  |d 2008-04-07  |f 1  |l 0  |r 2025-06-23 00:00:00  |w 2026-02-23 
952 |a SNK  |b SNK  |y VYP  |7 0  |p 17A0584377  |o snkSC 131453 D1  |i snk2008/7868  |8 0  |0 0  |1 0  |4 0  |d 2008-04-07  |l 0  |r 2026-02-23 18:37:17  |w 2026-02-23